01659cam a2200313 a 45000010009000000050017000090080041000260100017000670200025000840200022001090200025001310200022001560200039001780200036002170400013002530500018002661000020002842450045003042500012003492600046003613000053004075040063004605050607005236500016011309060045011469420012011919990016012039520126012191585659120210414114246.0090806s2011 nyua b 001 0 eng  a 2009934370 a9781429216357 (hard) a1429216352 (hard) a9781429238267 (pbk.) a1429238267 (pbk.) a9781429238281 (NASTAspec. version) a1429238283 (NASTAspec. version) aDLCcDLC00aBF121.M935b 1 aMyers, David G.10aExploring psychology. /cDavid G. Myers. a8th ed. aNew York, NY :bWorth Publishers,cc2011. axv, 525, [150] p :b. ill. (some col.) ;c29 cm. aIncludes bibliographical references, indexes and glossary. aContents: Thinking critically with psychological science -- The Biology of mind -- Consciousness and the two-track mind -- Nature, nurture, and human diversity -- Developing through the life span -- Sensational and perception -- Learning -- Memory -- Thinking ,language,and intelligence -- Motivation -- Emotional stress,and health -- Personality -- Psychological disorders -- Therapy -- Social psychology -- Appendix A: Statistical reasoning in everyday life -- Appendix B: Psychology at work -- Appendix C: Careers in psychology -- Appendix D: Answers to test for success:critical thinking exercises. 0aPsychology. a7bcbccorignewd3eepcnf20gy-gencatlg 2lcccBK c3352d10852 00102lcc4070aWIUC-1bWIUC-1cREFd2014-08-14l0oBF121 .M935 2011p7628/55/14r2014-08-14 00:00:00t1w2014-08-14yBK